I am thinking of a country starting with... - Statistics

General Stats
  • This quiz has been taken 23 times
  • The average score is 10 of 24
Answer Stats
Hint Answer % Correct
O Oman
75%
Q Qatar
75%
Z Zambia
75%
Y Yemen
70%
F Finland
60%
A Armenia
55%
E Estonia
55%
U United Arab Emirates
55%
H Honduras
50%
J Jamaica
50%
I Italy
45%
R Romania
45%
V Vanuatu
45%
D Djibouti
40%
K Kuwait
40%
P Peru
35%
B Brunei
30%
C Cambodia
30%
L Laos
30%
T Tajikistan
30%
G Gabon
25%
N New Zealand
15%
M Moldova
5%
S Sri Lanka
5%
No matching quizzes found
Score Distribution
Percent of People with Each Score
Percentile by Number Answered
Your Score History
You have not taken this quiz